000 00587nam a2200217Ia 4500
999 _c35610
_d35610
001 1476
003 GE_BSU
005 20221115102150.0
008 181216s2006||||enk|||||||||||||| ||eng||
020 _a9780387288703x
040 _cGE_BSU
041 _aeng
080 _a581 C-61
100 _aClimn-Lacy, Janice
_915805
245 _aBotany illustrated :
_bIntroduction to Plats,Major Groups,Flowering Plant Families /
_cJanice Climn-Lacy.
260 _c2006
300 _a146 p.;
_b24 cm.
653 _aBotany illustrated
653 _aბოტანიკა
942 _cBK
_2udc